000 00698nam a2200289Ia 4500
005 20260324114206.0
008 008 260324s9999 xx 000 0 eng d
020 _a9781003175421
037 _aEBOOK
040 _aCRL
040 _beng
040 _cCRL
041 _2eng
041 _aeng
084 _qCRL
100 _aMark Nuttall
_91149797
245 4 _aThe Shaping of Greenland’s Resource Spaces
245 0 _bEnvironment, Territory, Geo-Security
260 _bTaylor and Francis
260 _c2023
365 _a
365 _b220
856 _uhttp://www.taylorfrancis.com/books/9781003175421
942 _cEBOOK
999 _c1739841
_d1739841